000 00400nam a22001577a 4500
005 20260601124215.0
008 260601b |||||||| |||| 00| 0 eng d
041 _2ENGLISH
100 _aCHERYL DANGEL CULLEN
245 _aTHE ART OF DESIGN
250 _a2003
260 _aUS
_bLIBRARY OF CONGRES CATALONGING IN PUBLICATION
_c1/12/2025
300 _aH-144
365 _b2925.08
942 _cBK
999 _c1222303
_d1222303